| 000 | 01137nam a22002777i 4500 | ||
|---|---|---|---|
| 005 | 20260104124602.0 | ||
| 008 | 250906s2024 jo ||||gr|||| 00| 0 ara d | ||
| 020 | _a9789923836026 | ||
| 040 |
_aJO-AmGAM _erda |
||
| 082 | 1 | 4 |
_a415.1 _bك ي ا |
| 100 | 1 |
_aالكيالي، عبدالباسط محمد _eمؤلف. |
|
| 245 | 1 | 0 |
_aإعراب المعلقات السبع (معلقة زهير بن أبي سلمى المزني) / _cتأليف الشاعر الناقد أ. عبد الباسط محمد مصطفى الكيالي. |
| 250 | _aالطبعة الأولى. | ||
| 264 | 3 | 1 |
_aعمان : _bدار يافا العلمية للنشر والتوزيع، _c2024. |
| 300 | _a151 صفحة. | ||
| 336 |
_2rdacontent _aنص _btxt |
||
| 337 |
_2rdamedia _aدون وسيط عرض _bn |
||
| 338 |
_2rdacarrier _aمجلد _bnc |
||
| 490 | 1 |
_aسلسلة إعراب المعلقات السبع ؛ _v3. |
|
| 650 | 1 | 7 | _aقواعد اللغة. |
| 650 | 1 | 7 | _aالمعلقات السبع. |
| 650 | 1 | 7 | _aالإعراب. |
| 830 | 0 | _aسلسلة إعراب المعلقات السبع. | |
| 942 |
_2ddc _cBK |
||
| 999 |
_c247575 _d247575 |
||